000 00291nam a22001217a 4500
008 181106b xxu||||| |||| 00| 0 eng d
041 _aeng
080 _a617
100 _a5
101 _aKIR
245 _aPlastic Surgery A Concise Guide to Clinical Practice
_cGrabb,W.C
942 _2udc
_cBK
999 _c51934
_d51934